000 00625nam a2200193 a 4500
999 _c5093
_d5093
005 20200528171026.0
008 140318b1996 ag ||||| |||| 00| 0 eng d
040 _aCO-BoIAVH
_cCO-BoIAVH
041 _aeng
044 _aag
090 _aLB
_b04481
111 _aConference of the Parties to the Convention on Biological Diversity
_cBuenos Aires
_dnoviembre 14-15, 1996
_922625
245 _aFair and equitable shating of benefits arising from the use genetic resources
260 _aBuenos Aires
_bUNEP
_bCBD
_c1996
300 _a14 p.
650 0 _aRecursos genéticos
_9103201
942 _cFolleto
_2z
945 _d2006-01-05